| 000 | 00504nam a22001817a 4500 | ||
|---|---|---|---|
| 005 | 20251108163346.0 | ||
| 008 | 250721s1995 xx 000 0 ara d | ||
| 082 | 1 | 4 | _a214.2/سرو |
| 100 | 1 | _aسرور، علي يونس عليان | |
| 245 | 1 | 0 | _aالجنة و صفات أهلها / |
| 264 | 1 |
_aعمان : _bالمؤلف، _c1995. |
|
| 300 | _a205ص | ||
| 650 | 1 | 7 | _aأصول الدين الإسلامي |
| 650 | 1 | 7 | _aاليوم الآخر |
| 650 | 1 | 7 | _aالجنة |
| 942 |
_2ddc _cBK |
||
| 999 |
_c666 _d666 |
||